Catálogo de las obras de fondo y surtido de las librerías de A. de San Martín, editor. (Record no. 43821)

MARC details
000 -LEADER
campo de control de longitud fija 00594nam a2200181 i 4500
001 - NÚMERO DE CONTROL
campo de control 43821
003 - IDENTIFICADOR DE NÚMERO DE CONTROL
campo de control ES-MaACL
005 - FECHA Y HORA DE LA ÚLTIMA TRANSACCIÓN
campo de control 20250903083730.0
007 - CAMPO FIJO DE DESCRIPCIÓN FÍSICA--INFORMACIÓN GENERAL
campo de control de longitud fija t|
008 - DATOS DE LONGITUD FIJA--INFORMACIÓN GENERAL
campo de control de longitud fija 030318s1877 sp |||| | spa d
245 00 - MENCIÓN DEL TÍTULO
Título Catálogo de las obras de fondo y surtido de las librerías de A. de San Martín, editor.
260 ## - PUBLICACIÓN, DISTRIBUCIÓN, ETC.
Lugar de publicación, distribución, etc. Madrid :
Nombre del editor, distribuidor, etc. [A. de San Martin],
Fecha de publicación, distribución, etc. 1877.
300 ## - DESCRIPCIÓN FÍSICA
Extensión 98 p. ;
Dimensiones 20 cm.
650 #7 - PUNTO DE ACCESO ADICIONAL DE MATERIA--TÉRMINO DE MATERIA
Término de materia o nombre geográfico como elemento de entrada Catálogos de libreros
Fuente del encabezamiento o término embne
9 (RLIN) 139327
650 #4 - PUNTO DE ACCESO ADICIONAL DE MATERIA--TÉRMINO DE MATERIA
Término de materia o nombre geográfico como elemento de entrada Libros-
Subdivisión de forma Catálogos comerciales.
9 (RLIN) 159004
852 4# - LOCALIZACIÓN
Ubicación ES-MaACL
Número de control de estantería T-273-F-6
Nota libre - Enc. en un vol. facticio
Holdings
Estatus retirado Estado de pérdida Estado de daño No para préstamo Colección Biblioteca de origen Biblioteca actual Ubicación en estantería Fecha de adquisición Fuente de adquisición Total de préstamos Signatura topográfica completa Código de barras Visto por última vez Precio de reemplazo Tipo de ítem Koha
        Colección de folletos Biblioteca del Ateneo de Madrid Biblioteca del Ateneo de Madrid Depósito folletos 17/01/2008     T-273-F-6 1046127 23/02/2023 23/02/2023 Folleto